000
00267nam a2200121Ia 4500
008
231129s9999||||xx |||||||||||||| ||spa||
040
_b
spa
082
_a
I823 W519h
100
_a
West Morris
245
0
_a
Hija del Silencio
264
_a
Pomaire
942
_2
ddc
_c
BKS
999
_c
15016
_d
15016